[Event "Match"]
[Site "www.echecsemail.com"]
[Date "2018.04.07"]
[Round "1"]
[White "Mdesouza"]
[Black "Fegatux"]
[WhiteElo "2350"]
[BlackElo "2029"]
[Result "1-0"]
[Round "1"]
1.e4 d6
2.d4 Ng8f6
3.Nb1c3 c6
4.Bf1d3 Qd8b6
5.Ng1e2 Bc8g4
6.O-O e6
7.h3 Bg4h5
8.Bc1d2 Bf8e7
9.f4 Nb8d7
10.g4 Nf6xg4
11.hxg4 Bh5xg4
12.Qd1e1 O-O-O
13.b4 h5
14.b5 cxb5
15.Nc3xb5 Bg4xe2
16.Bd3xe2 Kb8
17.Bd2a5 Qb6c6
18.Ba5c7 Ka8
19.e5 d5
20.Qe1a5 a6
21.Bc7d6 Be7xd6
22.Nb5xd6 Nd7b8
23.Nd6xf7 Rd8f8
24.Nf7xh8 Rf8xh8
25.Ra1b1 Rh8f8
26.c4 dxc4
27.Be2f3 Qc6d7
28.Bf3xb7 { resign }
1-0

[Event "Fast Game"]
[Site "www.echecsemail.com"]
[Date "2018.04.07"]
[Round "1"]
[White "Fegatux"]
[Black "Apdash"]
[WhiteElo "2020"]
[BlackElo "2010"]
[Result "1-0"]
[Round "1"]
1.d4 d5
2.c4 Ng8f6
3.g3 e6
4.Bf1g2 dxc4
5.Ng1f3 c5
6.O-O cxd4
7.Qd1a4 Nb8c6
8.Qa4xc4 e5
9.Bc1g5 Bf8e7
10.Nb1d2 Bc8e6
11.Qc4b5 Qd8c7
12.Bg5xf6 Be7xf6
13.Rf1c1 O-O
14.Nd2e4 Bf6e7
15.Ne4c5 Be7xc5
16.Rc1xc5 f6
17.a3 a6
18.Qb5d3 Qc7d6
19.Ra1c1 Rf8c8
20.Nf3d2 Nc6d8
21.Rc5xc8 Ra8xc8
22.Rc1xc8 Be6xc8
23.Nd2c4 Qd6c5
24.b4 Qc5c7
25.h3 Bc8e6
26.Nc4d2 Nd8f7
27.Kh2 Nf7d6
28.Nd2e4 Be6c4
29.Qd3f3 f5
30.Ne4xd6 Qc7xd6
31.Qf3xf5 Bc4xe2
32.Qf5c8 Kf7
33.Qc8xb7 Kf6
34.Bg2d5 Kg6
35.Qb7f7 Kh6
36.g4 Qd6g6
37.Qf7c7 Qg6f6
38.Kg1 Be2b5
39.Bd5e4 Qf6f4
40.Qc7c2 Bb5a4
41.Qc2d3 Ba4b5
42.Qd3f3 Qf4xf3
43.Be4xf3 d3
44.Kg2 Bb5a4
45.h4 g6
46.g5 Kg7
47.Kf1 d2
48.Bf3e2 d1Q
49.Be2xd1 Ba4xd1
50.Ke1 Bd1a4
{ time. }
1-0

[Event "Fast Game"]
[Site "www.echecsemail.com"]
[Date "2018.04.07"]
[Round "1"]
[White "Apdash"]
[Black "Stevep84"]
[WhiteElo "2010"]
[BlackElo "2000"]
[Result "0-1"]
[Round "1"]
1.e4 c6
2.Ng1f3 d5
3.exd5 cxd5
4.d4 Nb8c6
5.Bf1b5 a6
6.Bb5a4 b5
7.Ba4b3 Bc8g4
8.c3 e6
9.Qd1d3 Bg4f5
10.Qd3e2 Bf8e7
11.h3 Ng8f6
12.Bb3c2 Bf5xc2
13.Qe2xc2 O-O
14.Bc1e3 Ra8c8
15.Nb1d2 b4
16.c4 Nc6a5
17.c5 Qd8d7
18.O-O Qd7b5
19.Nf3e5 Nf6d7
20.a4 Qb5b7
21.Ne5xd7 Qb7xd7
22.b3 Na5c6
23.Qc2d3 a5
24.Be3f4 Be7f6
25.Nd2f3 { time. }
0-1

[Event "Tourn. n9669"]
[Site "www.chess-mail.com"]
[Date "2018.04.08"]
[Round "1"]
[White "Apdash"]
[Black "Sahlapalat"]
[WhiteElo "2280"]
[BlackElo "2060"]
[Result "0-1"]
[Round "1"]
1.e4 c5
2.Nb1c3 Nb8c6
3.Ng1f3 d6
4.d4 cxd4
5.Nf3xd4 Ng8f6
6.Bf1e2 e5
7.Nd4xc6 bxc6
8.Bc1g5 Bf8e7
9.O-O O-O
10.Bg5e3 Bc8e6
11.f4 exf4
12.Rf1xf4 Nf6d7
13.Be2a6 Qd8c7
14.h4 Nd7e5
15.Qd1h5 Ra8b8
16.b3 Qc7a5
17.Nc3e2 Qa5xa6
18.Ne2d4 Ne5g6
19.Nd4xe6 fxe6
20.Rf4xf8 Rb8xf8
21.Qh5g4 Ng6xh4
22.Qg4xe6 Rf8f7
23.c4 Qa6b7
24.Ra1f1 Be7f6
25.Qe6xd6 h6
26.Be3xh6 Qb7b6
27.c5 Qb6d8
28.e5 Qd8xd6
29.cxd6 Bf6xe5
30.Bh6e3 Rf7xf1
31.Kxf1 Be5xd6
32.Be3xa7 Kf7
33.a4 Nh4f5
34.Kf2 Nf5e7
35.Ba7e3 Bd6b4
36.Kf3 Ke6
37.Ke4 Ne7f5
38.Be3f4 Nf5d6
39.Kd3 Kd5
40.g4 Nd6e4
41.Bf4e3 c5
42.g5 g6
43.Be3f4 Bb4a5
44.Bf4e3 Ba5d8
45.Be3f4 Ne4xg5
46.a5 Ng5e6
47.Bf4g3 Bd8xa5
{ resign }
0-1

[Event "Tourn. n9740"]
[Site "www.chess-mail.com"]
[Date "2018.04.08"]
[Round "1"]
[White "Szustan"]
[Black "Jazzy"]
[WhiteElo "2630"]
[BlackElo "2300"]
[Result "1-0"]
[Round "1"]
1.e4 e5
2.Ng1f3 Ng8f6
3.d4 exd4
4.e5 Nf6e4
5.Qd1xd4 d5
6.exd6 Ne4xd6
7.Nb1c3 Bc8d7
8.Qd4e5 Qd8e7
9.Nc3d5 Qe7xe5
10.Nf3xe5 Kd8
11.Bc1e3 Nb8c6
12.Ne5xd7 Kxd7
13.g3 Ra8e8
14.O-O-O Kc8
15.Bf1h3 Kb8
16.Bh3d7 Re8d8
17.Bd7xc6 bxc6
18.Nd5b4 Kb7
19.Be3xa7 Bf8e7
20.Ba7c5 Nd6f5
21.Bc5xe7 Nf5xe7
22.Rd1xd8 Rh8xd8
23.Rh1e1 Rd8d7
24.Nb4d3 Kb6
25.Nd3e5 Rd7d5
26.Ne5c4 { resign }
1-0

[Event "Tourn. n9683"]
[Site "www.chess-mail.com"]
[Date "2018.04.08"]
[Round "1"]
[White "Ssharp"]
[Black "Sahlapalat"]
[WhiteElo "2290"]
[BlackElo "2090"]
[Result "0-1"]
[Round "1"]
1.e4 c5
2.d4 cxd4
3.c3 d3
4.Bf1xd3 Nb8c6
5.Ng1f3 d6
6.O-O Ng8f6
7.Bc1g5 Bc8g4
8.Nb1d2 e6
9.Qd1b3 Qd8c7
10.a4 Bf8e7
11.h3 Bg4xf3
12.Nd2xf3 O-O
13.Qb3c2 h6
14.Bg5h4 Ra8c8
15.Qc2e2 Rf8d8
16.Bh4g3 a6
17.b4 Nc6e5
18.Nf3xe5 dxe5
19.Ra1c1 Qc7d7
20.Rf1d1 Qd7xa4
21.Bg3xe5 Nf6d7
22.Be5d4 e5
23.Bd4e3 Qa4a3
24.Qe2e1 Qa3b3
25.Be3d2 Nd7b6
26.Qe1e2 Qb3e6
27.c4 Nb6d7
28.c5 Nd7f6
29.Bd3c4 Qe6c6
30.f3 Nf6h5
31.Kh2 Qc6g6
32.g4 Nh5f4
33.Bd2xf4 exf4
34.Rd1d5 Qg6c6
35.Qe2a2 Qc6f6
36.Rd5f5 Qf6h4
37.Bc4xf7 Kh8
38.Rc1g1 Rd8d3
39.Rf5xf4 Be7g5
40.Rf4f5 Rd3d2
{ resign }
0-1

[Event "Tourn. n9704"]
[Site "www.chess-mail.com"]
[Date "2018.04.08"]
[Round "1"]
[White "Iko"]
[Black "Jackbauer"]
[WhiteElo "1670"]
[BlackElo "1860"]
[Result "1/2-1/2"]
[Round "1"]
1.e4 c5
2.d4 e6
3.dxc5 Bf8xc5
4.Nb1c3 Qd8f6
5.Bf1e2 Qf6xf2
6.Kd2 Nb8c6
7.Ng1f3 Bc5e3
8.Kd3 Nc6b4
9.Kc4 Be3c5
10.Qd1f1 Qf2xf1
11.Rh1xf1 b6
12.Nc3b5 d5
13.exd5 exd5
14.Kb3 Nb4a6
15.Rf1e1 Ng8e7
16.Nb5c3 O-O
17.Nc3a4 Ra8b8
18.Kc3 Bc5b4
19.Kd4 Bb4xe1
20.Nf3xe1 Bc8d7
21.Na4c3 Na6b4
22.a3 Nb4c6
23.Ke3 d4
24.Kd3 dxc3
25.bxc3 Rb8d8
26.Bc1e3 Bd7f5
27.Kc4 Nc6e5
28.Kb5 Bf5e4
29.Ra1b1 Ne7d5
30.Be3d4 Rf8e8
31.Ka6 Nd5c7
32.Kxa7 b5
33.Kb6 Nc7d5
34.Kxb5 Rd8b8
35.Kc5 Rb8xb1
36.Bd4f2 Re8c8
37.Kd4 f6
38.Kxe4 Nd5xc3
39.Kd4 Rb1b7
40.Be2a6 Rb7d7
41.Ke3 Nc3d1
42.Ke2 Rc8xc2
43.Ne1xc2 Nd1xf2
44.Kxf2 Rd7d2
45.Ke3 Rd2xc2
46.Ba6f1 Ne5g4
47.Kd3 Rc2a2
48.Bf1e2 Ng4xh2
49.Be2f3 Ra2xa3
50.Ke4 Kf7
51.Bf3d1 Ra3a2
52.Bd1b3 Kg6
53.Bb3xa2 h5
54.Kf4 Nh2g4
55.Ba2b1 Kf7
56.g3 g5
57.Kf3 Ke6
58.Ke4 h4
59.gxh4 gxh4
60.Kf4 Ng4h6
61.Kf3 Ke5
62.Kg2 Kf4
63.Kh3 Kg5
64.Bb1e4 f5
{ draw }
1/2-1/2

[Event "Tourn. n9750"]
[Site "www.chess-mail.com"]
[Date "2018.04.08"]
[Round "1"]
[White "Sefj"]
[Black "Esperanza"]
[WhiteElo "2279"]
[BlackElo "2040"]
[Result "0-1"]
[Round "1"]
1.d4 d5
2.Nb1c3 Ng8f6
3.g3 e6
4.Bc1f4 c5
5.b3 Qd8a5
6.Qd1d2 cxd4
7.Qd2xd4 Bf8c5
8.Qd4e5 Nb8c6
9.Kd2 Nc6xe5
10.Bf4xe5 Nf6e4
11.Kc1 Ne4xf2
12.Be5xg7 Rh8g8
13.Bg7f6 Nf2xh1
 { time }
0-1

[Event "Tourn. n9740"]
[Site "www.chess-mail.com"]
[Date "2018.04.08"]
[Round "1"]
[White "Tartan"]
[Black "Gearoidmac"]
[WhiteElo "2510"]
[BlackElo "2440"]
[Result "1-0"]
[Round "1"]
1.d4 Ng8f6
2.c4 e6
3.Nb1c3 Bf8b4
4.Qd1c2 O-O
5.a3 Bb4xc3
6.Qc2xc3 b6
7.Ng1f3  { time }
1-0

[Event "Tourn. n9775"]
[Site "www.chess-mail.com"]
[Date "2018.04.08"]
[Round "1"]
[White "Fantomas"]
[Black "Apdash"]
[WhiteElo "2260"]
[BlackElo "2250"]
[Result "1/2-1/2"]
[Round "1"]
1.e4 c5
2.Ng1f3 d6
3.d4 cxd4
4.Nf3xd4 Nb8c6
5.Nd4b3 Bc8d7
6.Nb1c3 g6
7.Bc1e3 Bf8g7
8.Qd1d2 Ng8f6
9.f3 O-O
10.a3 a6
11.Bf1e2 Bd7e6
12.Nb3d4 Nc6xd4
13.Be3xd4 b5
14.O-O Nf6d7
15.Bd4xg7 Kxg7
16.Kh1 Ra8c8
17.Ra1c1 Qd8b6
18.Nc3d5 Be6xd5
19.Qd2xd5 Nd7f6
20.Qd5d3 Rc8c5
21.Qd3e3 Qb6c7
22.c3 h6
23.Rc1d1 e5
24.Rd1d2 Nf6h5
25.Rf1d1 Rf8d8
26.g3 f5
27.f4 exf4
28.gxf4 fxe4
29.Qe3xe4 Rc5f5
30.Be2xh5 Rf5xh5
31.Rd2d5 Rh5xd5
32.Rd1xd5 { draw }
1/2-1/2

[Event "Tourn. n9763"]
[Site "www.chess-mail.com"]
[Date "2018.04.08"]
[Round "1"]
[White "Malbertan"]
[Black "Gilliere"]
[WhiteElo "2010"]
[BlackElo "2060"]
[Result "0-1"]
[Round "1"]
1.e4 c5
2.Ng1f3 Nb8c6
3.d4 cxd4
4.Nf3xd4 Ng8f6
5.Nb1c3 a6
6.Bf1e2 e5
7.Nd4b3 d6
8.O-O Bf8e7
9.Bc1e3 O-O
10.Qd1d2 b5
11.f4 exf4
12.Be3xf4 Bc8b7
13.Be2f3 Rf8e8
14.Ra1d1 Nc6e5
15.Bf4xe5 dxe5
16.Qd2g5 Qd8b6
17.Kh1 Nf6xe4
18.Qg5xe5 Ne4xc3
19.Bf3xb7 Qb6xb7
20.Qe5xc3 Be7f6
21.Qc3d2 Bf6xb2
22.Nb3c5 Qb7e7
23.Nc5d3 Bb2f6
24.Rd1e1 Qe7d8
25.Re1xe8 Qd8xe8
26.Nd3f4 Bf6g5
27.Qd2f2 Bg5xf4
28.Qf2xf4 h6
29.h3 Ra8c8
30.Rf1c1 Rc8c4
31.Qf4f3 Qe8c8
32.Qf3d3 Rc4c3
33.Qd3d2 b4
34.Kg1 a5
35.Kf1 Qc8f5
36.Ke1 Qf5e4
37.Kf1 Qe4f5
38.Kg1 Qf5c5
39.Kf1 Qc5c4
40.Qd2e2 Qc4xa2
41.Qe2e8 Kh7
42.Qe8e4 g6
43.h4 Qa2c4
{ resign }
0-1

[Event "Tourn. n9787"]
[Site "www.chess-mail.com"]
[Date "2018.04.08"]
[Round "1"]
[White "Libiesse"]
[Black "Reda"]
[WhiteElo "1810"]
[BlackElo "1790"]
[Result "1-0"]
[Round "1"]
1.Ng1f3 d5
2.d4 Bc8f5
3.c4 Ng8f6
4.Nb1c3 e6
5.Bc1g5 Bf8e7
6.e3 O-O
7.Qd1b3 b6
8.Bg5xf6 Be7xf6
9.cxd5 exd5
10.Qb3xd5 Qd8xd5
11.Nc3xd5 Nb8a6
12.Bf1xa6 c6
13.Nd5xf6 gxf6
14.Ba6b7 Ra8b8
15.Bb7xc6 Rf8c8
16.Bc6a4 Bf5c2
17.Ba4xc2 Rc8xc2
18.O-O Rc2xb2
19.Rf1c1 a5
20.a4 Kg7
21.Kf1 b5
22.axb5 Rb8xb5
23.Nf3e1 Rb2b4
24.Ra1a3 a4
25.Ne1d3 Rb4b3
26.Ra3xb3 Rb5xb3
27.Nd3c5 Rb3b4
28.Rc1a1 Kg6
29.Nc5xa4 Rb4b2
30.Na4xb2 { resign }
1-0

[Event "Tourn. n9732"]
[Site "www.chess-mail.com"]
[Date "2018.04.08"]
[Round "1"]
[White "Apdash"]
[Black "Sorim"]
[WhiteElo "2170"]
[BlackElo "2070"]
[Result "0-1"]
[Round "1"]
1.d4 d5
2.Ng1f3 c5
3.e3 Nb8c6
4.dxc5 e6
5.Bf1b5 Bf8xc5
6.O-O Ng8e7
7.Nf3e5 O-O
8.Ne5xc6 Ne7xc6
9.Qd1e2 a6
10.Bb5d3 Bc8d7
11.Nb1c3 b5
12.f4 Qd8b6
13.Kh1 Nc6b4
14.Rf1f3 d4
15.exd4 Bc5xd4
16.Rf3h3 Nb4xd3
17.Qe2xd3 f5
18.Nc3e2 Bd4c5
19.Bc1e3 Bd7c6
20.Be3xc5 Qb6xc5
21.c3 Ra8d8
22.Ne2d4 Qc5d6
23.Qd3e2 Rf8f6
24.Ra1e1 Bc6d5
25.Qe2h5 Rf6h6
26.Qh5xh6 gxh6
27.Rh3xh6 Qd6xf4
28.Nd4xe6 Bd5xg2
29.Kxg2 Rd8d2
{ resign }
0-1

[Event "Match"]
[Site "www.echecsemail.com"]
[Date "2018.04.08"]
[Round "1"]
[White "Darknight"]
[Black "Llord"]
[WhiteElo "1830"]
[BlackElo "1920"]
[Result "1-0"]
[Round "1"]
1.e4 e5
2.Bf1c4 Nb8c6
3.a3 Ng8f6
4.d3 Bf8c5
5.h3 O-O
6.c3 a6
7.Bc1g5 h6
8.h4 Bc5e7
9.g4 d6
10.Bg5xf6 Be7xf6
11.g5 hxg5
12.hxg5 Bf6xg5
13.Nb1d2 Qd8f6
14.Ng1f3 Bc8g4
15.Qd1e2 Bg5xd2
16.Kxd2 Qf6f4
17.Kc2 Bg4xf3
18.Qe2f1 Bf3xh1
19.Qf1xh1 Qf4xf2
20.Kb3 Nc6a5
21.Ka2 b5
22.Bc4d5 Ra8b8
23.Qh1h3 Qf2f6
24.Ra1h1 Qf6h6
25.Qh3g2 Qh6g6
26.Qg2xg6 { resign }
1-0

[Event "Match"]
[Site "www.echecsemail.com"]
[Date "2018.04.08"]
[Round "1"]
[White "Apdash"]
[Black "Mdesouza"]
[WhiteElo "2180"]
[BlackElo "2340"]
[Result "0-1"]
[Round "1"]
1.e4 c5
2.Ng1f3 Nb8c6
3.d4 cxd4
4.Nf3xd4 e5
5.Nd4f5 Ng8f6
6.f3 d5
7.Bc1g5 Bc8xf5
8.exf5 Bf8c5
9.Bf1d3 Qd8b6
10.Nb1c3 Qb6xb2
11.Bg5d2 Nc6b4
12.Ra1b1 Qb2a3
13.Nc3b5 Qa3a5
14.Nb5c7 Qa5xc7
15.Bd3b5 Nb4c6
16.c3 a6
17.Bb5a4 b5
18.Ba4b3 O-O
19.Qd1e2 Rf8e8
20.Bd2g5 Ra8d8
21.Bg5e3 e4
22.f4 Qc7b6
23.Be3xc5 Qb6xc5
24.g4 Qc5xc3
25.Kf1 Nc6d4
26.Qe2f2 Nf6xg4
27.Qf2e1 Qc3h3
{ resign }
0-1

[Event "Match"]
[Site "www.echecsemail.com"]
[Date "2018.04.08"]
[Round "1"]
[White "Coraza8091"]
[Black "Bjonil60"]
[WhiteElo "1540"]
[BlackElo "1460"]
[Result "1-0"]
[Round "1"]
1.Ng1f3 Nb8c6
2.e4 e6
3.Nb1c3 Qd8e7
4.Bf1b5 a6
5.Bb5xc6 bxc6
6.O-O d6
7.Rf1e1 Ng8f6
8.d4 d5
9.e5 Nf6d7
10.Bc1g5 f6
11.exf6 gxf6
12.Bg5h4 Qe7g7
13.Bh4g3 h6
14.Bg3xc7 Ra8a7
15.Bc7g3 f5
16.Bg3e5 Nd7f6
17.a4 Qg7g6
18.Nf3h4 Qg6f7
19.Be5xf6 Rh8g8
20.Bf6e5 Ra7d7
21.Nc3e2 Bc8b7
22.Ne2f4 Ke7
23.Nf4h5 f4
24.Be5f6 Ke8
25.Nh4f5 c5
26.dxc5 Bb7a8
27.b4 d4
28.Nh5xf4 Qf7xf6
29.Re1xe6 Bf8e7
30.Re6xf6 Be7xf6
31.Nf5d6 Kf8
32.Nf4e6 Ke7
33.Qd1e2 Ba8b7
34.Ne6xd4 Kd8
35.Nd4e6 Ke7
36.Ne6f4 Kd8
37.Nf4e6 Ke7
38.Ne6f4 Kd8
39.Qe2e6 Rg8f8
40.Qe6c4 Bf6g5
41.Nf4e6 Ke7
42.Ra1e1 Bg5d2
43.Qc4h4 Rf8f6
44.Ne6g7 Kf8
45.Qh4xf6 Kg8
46.Re1e8 Kh7
47.Re8e7 Rd7xe7
48.Qf6xe7 Bb7c6
49.Ng7h5 Kg6
50.Qe7f7 Kg5
51.Qf7f5 Kh4
52.h3 Bd2xb4
53.Qf5g4 
1-0

[Event "1/32 Finale"]
[Site "www.chess-mail.com"]
[Date "2018.04.08"]
[Round "1"]
[White "Drawlward"]
[Black "Asoka"]
[WhiteElo "2550"]
[BlackElo "2680"]
[Result "1/2-1/2"]
[Round "1"]
1.e4 e6
2.d4 d5
3.Nb1c3 Ng8f6
4.Bc1g5 Bf8b4
5.e5 h6
6.Bg5c1 Nf6e4
7.Qd1g4 Kf8
8.Ng1e2 h5
9.Qg4f4 c5
10.a3 Bb4a5
11.b4 Ne4xc3
12.Ne2xc3 cxb4
13.axb4 Ba5xb4
14.Bc1d2 Bb4xc3
15.Bd2xc3 Kg8
16.h4 b6
17.g4 hxg4
18.Rh1g1 a5
19.Qf4xg4 Qd8f8
20.Bc3b2 Bc8a6
21.Bb2a3 f5
22.Qg4g3 Qf8f7
23.Ra1b1 Nb8d7
24.Bf1xa6 Ra8xa6
25.Rb1b3 b5
26.Qg3c3 Kh7
{ draw }
1/2-1/2

[Event "Tourn. n9705"]
[Site "www.chess-mail.com"]
[Date "2018.04.09"]
[Round "1"]
[White "Rons"]
[Black "Gearoidmac"]
[WhiteElo "2700"]
[BlackElo "2470"]
[Result "1-0"]
[Round "1"]
1.e4 e6
2.d4 d5
3.Nb1c3 Bf8b4
4.e5 c5
5.a3 Bb4xc3
6.bxc3 Nb8c6
7.Qd1g4 Ng8e7
8.Qg4xg7 Rh8g8
9.Qg7xh7 cxd4
10.cxd4 Nc6xd4
11.Qh7d3 Ne7f5
12.Ra1b1 Qd8c7
13.Bc1b2 Rg8g4
14.Ng1f3 Nd4xf3
15.gxf3 Rg4h4
16.Rh1g1 Rh4h8
17.c4 dxc4
18.Qd3xc4 Qc7xc4
19.Bf1xc4 Bc8d7
20.Bc4d3 Nf5e7
21.Ke2 Bd7c6
22.Bb2c1 Rh8xh2
23.Bc1g5 Rh2h3
24.Rg1g3 Rh3h5
25.Bd3e4 Ne7d5
26.Rb1c1 Kd7
27.Kd3  { time }
1-0

[Event "Tourn. n9779"]
[Site "www.chess-mail.com"]
[Date "2018.04.09"]
[Round "1"]
[White "Coolant"]
[Black "Caroluigi"]
[WhiteElo "2280"]
[BlackElo "2080"]
[Result "1-0"]
[Round "1"]
1.Nb1c3 d5
2.d4 Ng8f6
3.f3 e6
4.Bc1g5 Bf8e7
5.e4 O-O
6.Qd1d2 c6
7.O-O-O Nf6d7
8.h4 f6
9.Bg5e3 Nd7b6
10.Bf1d3 Nb6c4
11.Bd3xc4 dxc4
12.d5 cxd5
13.exd5 exd5
14.Nc3xd5 Nb8c6
15.Qd2c3 Be7d6
16.Qc3xc4 Kh8
17.Ng1e2 Bc8e6
18.Ne2f4 Be6f7
19.Qc4b5 Bd6xf4
20.Be3xf4 Bf7xd5
21.Rd1xd5 Qd8e7
22.Rh1d1 Qe7b4
23.Qb5xb4 Nc6xb4
24.Rd5b5 a5
25.a3 b6
26.axb4 axb4
27.Rd1d6 Ra8a4
28.Rd6xb6 Rf8d8
29.b3 Ra4a8
30.Rb6b8 { resign }
1-0

[Event "Tourn. n9785"]
[Site "www.chess-mail.com"]
[Date "2018.04.09"]
[Round "1"]
[White "Fantomas"]
[Black "Coolant"]
[WhiteElo "2190"]
[BlackElo "2290"]
[Result "0-1"]
[Round "1"]
1.e4 c5
2.Ng1f3 Nb8c6
3.d4 cxd4
4.Nf3xd4 Ng8f6
5.Nb1c3 Qd8a5
6.Nd4xc6 bxc6
7.Bc1d2 Qa5c7
8.Bf1d3 Ra8b8
9.Ra1b1 e5
10.O-O Bf8b4
11.a3 Bb4xc3
12.Bd2xc3 O-O
13.Qd1f3 d5
14.exd5 cxd5
15.Qf3g3 Rf8e8
16.Rf1e1 Nf6d7
17.h4 f6
18.Bc3d2 Nd7c5
19.Bd2c3 Nc5xd3
20.cxd3 Qc7b6
21.b4 d4
22.Bc3d2 Bc8f5
23.Qg3f3 Qb6e6
24.Bd2f4 Bf5g4
25.Qf3g3 exf4
{ resign }
0-1

[Event "Tourn. n9690"]
[Site "www.chess-mail.com"]
[Date "2018.04.09"]
[Round "1"]
[White "Sahlapalat"]
[Black "Bojan"]
[WhiteElo "2090"]
[BlackElo "1980"]
[Result "1-0"]
[Round "1"]
1.d4 d5
2.c4 dxc4
3.Ng1f3 Bc8e6
4.e4 c6
5.Nf3g5 Qd8d7
6.Nb1c3 h5
7.d5 cxd5
8.exd5 Be6g4
9.f3 Bg4f5
10.Bf1xc4 a6
11.O-O f6
12.Ng5e6 g5
13.Rf1e1 Qd7d6
14.Bc1e3 Nb8d7
15.Be3f2 Nd7e5
16.Qd1a4 Kf7
17.Bf2c5 Qd6d7
18.Qa4xd7 Ne5xd7
19.Bc5d4 g4
20.f4 b5
21.Bc4b3 Ra8c8
22.Ra1d1 Ng8h6
23.d6 Kg6
24.Ne6xf8 Rh8xf8
25.Re1xe7 Rc8c6
26.Bd4f2 Nh6f7
27.Re7xd7 Bf5xd7
28.Bb3d5 Rc6c8
29.Bd5b7 Rc8b8
30.Bb7xa6 b4
31.Nc3d5 Bd7e6
32.Ba6c4 Kg7
33.Nd5e3 Be6xc4
34.Ne3xc4 Rf8d8
35.Bf2b6 Rd8d7
36.Bb6c7 Rb8b7
37.Rd1d5 Kg6
38.Nc4b6 Rd7xc7
39.dxc7 Rb7xc7
40.Rd5d2 Rc7a7
41.b3 h4
42.Nb6d5 Ra7d7
43.Rd2d3 Nf7d8
44.Nd5xb4 Rd7b7
45.Rd3d4 Nd8e6
46.Rd4c4 Kf5
47.g3 hxg3
48.hxg3 Ne6c7
49.a4 Ke6
50.Kf2 Nc7e8
51.a5 Ne8c7
52.a6 Rb7a7
53.Rc4c6 Ke7
54.Rc6xc7 Ra7xc7
55.Nb4d5 Kd6
56.Nd5xc7 Kxc7
57.b4 Kb6
58.b5 Ka7
59.Ke3 { resign }
1-0

[Event "Tourn. n9707"]
[Site "www.chess-mail.com"]
[Date "2018.04.09"]
[Round "1"]
[White "Sahlapalat"]
[Black "Coolant"]
[WhiteElo "2120"]
[BlackElo "2290"]
[Result "0-1"]
[Round "1"]
1.d4 Ng8f6
2.c4 g6
3.Nb1c3 d5
4.cxd5 Nf6xd5
5.e4 Nd5xc3
6.bxc3 c5
7.Bf1c4 cxd4
8.cxd4 Qd8b6
9.Ng1e2 Qb6b4
10.Bc1d2 Qb4xc4
11.Ra1c1 Qc4e6
12.d5 Qe6d7
13.Bd2c3 f6
14.e5 Bf8h6
15.f4 O-O
16.O-O b6
17.Qd1b3 Bc8a6
18.d6 e6
19.Ne2d4 Rf8e8
20.f5 gxf5
21.Nd4xf5 Bh6xc1
22.Rf1xc1 Kf8
23.Nf5g3 f5
24.Bc3d2 Nb8c6
25.Bd2h6 Kf7
26.Ng3xf5 Ra8c8
27.Bh6f4 Nc6a5
28.Qb3g3 Rc8xc1
29.Bf4xc1 exf5
30.Bc1b2 Re8g8
31.Qg3h4 Ke6
32.h3 Qd7g7
33.Qh4f2 Ba6b7
34.g4 fxg4
35.h4 Rg8f8
36.Qf2d4 Qg7g6
37.h5 Qg6b1
38.Kh2 Qb1h1
39.Kg3 Qh1h3
{ resign }
0-1

[Event "Tourn. n9774"]
[Site "www.chess-mail.com"]
[Date "2018.04.09"]
[Round "1"]
[White "Jazzy"]
[Black "Gvladutz"]
[WhiteElo "2300"]
[BlackElo "2540"]
[Result "0-1"]
[Round "1"]
1.e4 e5
2.Bf1c4 Ng8f6
3.d4 exd4
4.Ng1f3 Nf6xe4
5.Qd1xd4 Ne4f6
6.Nb1c3 c6
7.Bc1g5 d5
8.O-O-O Bf8e7
9.Rh1e1 O-O
10.Qd4h4 Bc8f5
11.Nf3d4 Bf5g6
12.Bc4d3 h6
13.Bd3xg6 hxg5
14.Qh4xg5 Nf6e4
15.Qg5xe7 Qd8xe7
16.Bg6xe4 dxe4
17.Re1xe4 Qe7g5
18.Kb1 Qg5xg2
19.Re4e2 Qg2xh2
20.a3 Rf8d8
21.f3 Qh2h3
22.Nc3e4 Rd8xd4
{ resign }
0-1

[Event "Tourn. n9675"]
[Site "www.chess-mail.com"]
[Date "2018.04.09"]
[Round "1"]
[White "Dussek"]
[Black "Sahlapalat"]
[WhiteElo "1840"]
[BlackElo "2080"]
[Result "0-1"]
[Round "1"]
1.d4 Ng8f6
2.c4 g6
3.Nb1c3 d5
4.cxd5 Nf6xd5
5.e4 Nd5xc3
6.bxc3 Bf8g7
7.Ng1f3 c5
8.Ra1b1 O-O
9.h3 Nb8c6
10.Bf1e2 cxd4
11.cxd4 b6
12.O-O Bc8b7
13.Bc1a3 Ra8c8
14.Ba3b2 Nc6a5
15.e5 Qd8d7
16.Qd1d2 Bb7xf3
17.Be2xf3 Na5c4
18.Qd2b4 Rf8d8
19.Rb1d1 e6
20.Bb2a1 Bg7f8
21.Qb4b1 Nc4a3
22.Qb1e4 Rc8c4
23.Bf3e2 Rc4c2
24.Be2d3 Rc2xa2
25.Ba1c3 Rd8c8
26.Rd1c1 Na3b5
27.Bd3xb5 Qd7d8
28.Qe4b1 Ra2a3
29.Bc3b2 Ra3b3
30.Bb5a4 Rb3b4
31.Ba4c2 Bf8h6
32.Rc1d1 Qd8d5
33.Bc2e4 Qd5b3
34.Be4b7 Rc8c7
35.Bb7f3 Qb3xb2
36.Qb1xb2 Rb4xb2
37.Rd1a1 Kf8
38.Rf1d1 a5
39.Kf1 Rc7c2
40.Kg1 Rc2xf2
41.Ra1b1 Bh6e3
42.Rb1xb2 Rf2xb2
43.Kf1 a4
44.Bf3e2 b5
45.g3 a3
46.d5 exd5
47.Rd1xd5 a2
48.Rd5d1 Rb2b1
{ resign }
0-1

[Event "Tourn. n9686"]
[Site "www.chess-mail.com"]
[Date "2018.04.09"]
[Round "1"]
[White "Sahlapalat"]
[Black "Apdash"]
[WhiteElo "2090"]
[BlackElo "2240"]
[Result "1-0"]
[Round "1"]
1.d4 d5
2.c4 e6
3.Nb1c3 c6
4.e3 Ng8f6
5.Ng1f3 g6
6.Qd1c2 Bf8g7
7.b3 O-O
8.Bf1d3 Nb8a6
9.a3 dxc4
10.bxc4 Qd8e7
11.O-O c5
12.Rf1e1 Bc8d7
13.Nf3e5 cxd4
14.exd4 Qe7d6
15.Bc1e3 Bd7c6
16.Ne5xc6 Qd6xc6
17.Ra1d1 Rf8d8
18.h3 Na6c7
19.Nc3e4 Nc7e8
20.Ne4g5 Ra8c8
21.Qc2b1 b6
22.Rd1c1 Qc6a4
23.Qb1b4 Qa4d7
24.Re1d1 h6
25.Ng5f3 g5
26.Nf3e5 Qd7d6
27.Ne5f3 g4
28.Nf3e5 gxh3
29.gxh3 Nf6d7
30.Ne5xd7 Qd6xd7
31.Bd3e2 e5
32.Be2g4 f5
33.dxe5 Qd7e6
34.Bg4f3 Qe6xe5
35.Bf3b7 Bg7f8
36.Qb4a4 Rd8xd1
37.Rc1xd1 Rc8c7
38.Bb7d5 Kh7
39.Be3d4 Qe5e2
40.Kh1 Ne8d6
41.Rd1g1 h5
42.Bd5g8 Kh6
43.Bd4e3 f4
44.Be3xf4 { resign }
1-0

[Event "Match"]
[Site "www.echecsemail.com"]
[Date "2018.04.09"]
[Round "1"]
[White "Guillaumefi"]
[Black "Storzman"]
[WhiteElo "1399"]
[BlackElo "1199"]
[Result "0-1"]
[Round "1"]
1.c4 g6
2.d4 Bf8g7
3.Ng1f3 c5
4.dxc5 Nb8c6
5.Nb1c3 Bg7xc3
6.bxc3 f5
7.Nf3d4 Qd8a5
8.Nd4xc6 dxc6
9.Qd1d4 Ng8f6
10.e3 O-O
11.Bc1d2 Nf6e4
12.f3 Ne4xc5
13.Bf1e2 Nc5b3
14.O-O Nb3xd4
15.cxd4 Qa5xd2
{ resign }
0-1

[Event "Match"]
[Site "www.echecsemail.com"]
[Date "2018.04.09"]
[Round "1"]
[White "Fegatux"]
[Black "Pforjan"]
[WhiteElo "2340"]
[BlackElo "2380"]
[Result "1-0"]
[Round "1"]
1.e4 b6
2.d4 Bc8b7
3.Nb1c3 e6
4.Bf1d3 Ng8f6
5.Bc1g5 h6
6.Bg5h4 g5
7.Bh4g3 c5
8.Ng1e2 Qd8c8
9.dxc5 Bf8xc5
10.O-O Nb8c6
11.Kh1 h5
12.h4 Nf6g4
13.Ne2g1 gxh4
14.Bg3xh4 Qc8b8
15.Ng1f3 Nc6d4
16.g3 f5
17.a3 a5
18.Ra1b1 a4
19.Kg2 Nd4xf3
20.Qd1xf3 Rh8f8
21.Qf3e2 f4
22.Kh3 f3
23.Qe2d2 Qb8e5
24.Bd3b5 Rf8f7
25.Bb5xa4 Bb7xe4
26.Qd2g5 Ng4xf2
27.Rf1xf2 Be4f5
28.Kh2 Bc5xf2
29.Qg5g8 Rf7f8
30.Qg8g5 Bf2c5
31.Qg5xh5 Rf8f7
32.Ba4xd7 Kf8
33.Bd7xe6 { resign }
1-0

[Event "Match"]
[Site "www.echecsemail.com"]
[Date "2018.04.09"]
[Round "1"]
[White "Dalwhite"]
[Black "Silverking"]
[WhiteElo "1459"]
[BlackElo "2339"]
[Result "1-0"]
[Round "1"]
1.e4 e5
2.Ng1f3 Nb8c6
3.c3 d5
4.d3 dxe4
5.dxe4 Qd8xd1
6.Kxd1 Bc8g4
7.Nb1d2 O-O-O
8.Ke1 Ng8f6
9.Nf3g5 Rd8d7
10.Bf1c4 Bf8c5
11.Bc4xf7 Rh8f8
12.f3 Rf8xf7
13.Ng5xf7 Rd7xf7
14.fxg4 Nf6xg4
15.Nd2f3 Ng4f2
16.Nf3g5 Rf7f4
17.Bc1xf4 Nf2xh1
18.b4 Nh1f2
19.Bf4g3 Nf2d3
20.Ke2 Bc5e7
21.Ng5xh7 Nd3f4
22.Kf3 g5
23.Ra1d1 Nc6d8
24.Bg3f2 Nd8f7
25.g3 Nf4e6
26.Bf2xa7 b6
27.a4 Nf7d6
28.Rd1d5 Nd6c4
29.Ke2 c6
30.Rd5d1 Nc4b2
31.Rd1a1 Kb7
32.Ba7xb6 Kxb6
33.a5 Ka6
34.Kd2 Nb2c4
35.Kd3 Nc4d6
36.Ra1f1 Kb5
37.Nh7f6 c5
38.Nf6d5 Be7d8
39.Rf1h1 cxb4
40.cxb4 Ne6d4
41.h4 gxh4
42.gxh4 Nd4c6
43.h5 Nc6xb4
44.Nd5xb4 Kxb4
45.a6 Nd6c8
46.Rh1b1 Ka5
47.Rb1b8 Kxa6
48.Rb8xc8 Bd8g5
49.Kc4 Kb7
50.Rc8f8 Kc6
51.Rf8f5 Bg5f4
52.Rf5f6 Kd7
53.Kd5 Ke7
54.Rf6e6 Kf7
55.Re6xe5 Bf4xe5
56.Kxe5 Ke7
57.Kf5 Kf7
58.h6 Kg8
59.Kg6 Kh8
60.e5 Kg8
61.e6 Kf8
62.h7 Ke7
63.Kf5 Kf8
64.h8Q Ke7
65.Qh8f6 Kd6
66.e7 Kd7
67.Qf6f8 Kd6
68.e8Q Kd5
69.Qe8e4 { resign }
1-0

[Event "Tourn. n9766"]
[Site "www.chess-mail.com"]
[Date "2018.04.10"]
[Round "1"]
[White "Fantomas"]
[Black "Prize64"]
[WhiteElo "2230"]
[BlackElo "2130"]
[Result "1-0"]
[Round "1"]
1.c4 Ng8f6
2.d4 e6
3.Nb1c3 Bf8b4
4.Bc1d2 O-O
5.a3 Bb4xc3
6.Bd2xc3 b6
7.b4 Bc8b7
8.e3 Nf6e4
9.Bc3b2 a5
10.Ng1f3 axb4
11.axb4 Ra8xa1
12.Qd1xa1 d5
13.c5 Nb8c6
14.b5 Nc6b4
15.Qa1a4 bxc5
16.dxc5 Ne4xc5
17.Qa4xb4 Qd8d6
18.Qb4c3 { resign }
1-0

[Event "Tourn. n9715"]
[Site "www.chess-mail.com"]
[Date "2018.04.10"]
[Round "1"]
[White "Susov"]
[Black "Picifarkinca"]
[WhiteElo "1770"]
[BlackElo "1640"]
[Result "0-1"]
[Round "1"]
1.e4 c6
2.d4 d5
3.e5 Bc8f5
4.Ng1f3 e6
5.h3 h6
6.Nb1c3 Nb8d7
7.Bf1d3 Bf5xd3
8.Qd1xd3 Qd8b6
9.O-O c5
10.dxc5 Qb6xc5
11.Bc1e3 Qc5c6
12.a3 a6
13.b4 Ra8c8
14.Be3d4 Nd7b6
15.b5 axb5
16.Qd3xb5 Nb6c4
17.Qb5xc6 bxc6
18.Nc3b1 Rc8a8
19.a4 Bf8b4
20.c3 Bb4f8
21.Nf3d2 Nc4a5
22.Nb1a3 Ng8e7
23.g4 Ne7g6
24.Na3c2 c5
25.Bd4e3 Ng6xe5
26.Nc2e1 Bf8e7
27.f4 Ne5c6
28.Ne1f3 O-O
 { time }
0-1